[Event "Dresden ZMDI Blitz"]
[Site "Dresden"]
[Date "2011.08.07"]
[Round "2"]
[White "Kiessling, Andreas"]
[Black "Phillipp, Jan"]
[Result "1/2-1/2"]
[WhiteElo "2001"]
[BlackElo "1850"]
[PlyCount "34"]
[EventDate "2011.08.06"]
[EventType "swiss (blitz)"]
[EventRounds "9"]
[EventCountry "GER"]
[SourceTitle "EXT 2022"]
[Source "ChessBase"]
[SourceDate "2021.10.06"]
[SourceVersion "1"]
[SourceVersionDate "2021.10.06"]
[SourceQuality "1"]

1. Nf3 Nf6 2. g3 d5 3. Bg2 g6 4. 0-0 Bg7 5. d3 0-0 6. Nbd2 c5 7. e4 Nc6 8. Re1 b6 9. exd5 Nxd5 10. Nc4 e6 11. Qe2 Bb7 12. Bg5 Qc7 13. Rab1 Rfe8 14. a3 Rac8 15. Qd2 b5 16. Ne3 Nxe3 17. Bxe3 Nd4 1/2-1/2